Modern East Asia : essays in interpretation

Αποθηκεύτηκε σε:
Λεπτομέρειες βιβλιογραφικής εγγραφής
Άλλοι συγγραφείς: Crowley, James B. (Επιμελητής έκδοσης)
Μορφή: Βιβλίο
Γλώσσα:English
Δημοσίευση: New York : Harcourt, Brace & World, 1970
Θέματα:
Ετικέτες: Προσθήκη ετικέτας
Δεν υπάρχουν, Καταχωρήστε ετικέτα πρώτοι!

MARC

LEADER 00000cam a2200000 i 4500
001 1/26710
008 060322s1970 eng d
020 |a 0-15-561000-7 
035 |l 10083226 
040 |a GR-MY-UA  |b gre  |e aacr 
041 0 |a eng 
082 0 |a 951  |2 (22) 
245 1 0 |a Modern East Asia :  |b essays in interpretation /  |c volume editor James B. Crowley ; contributors Frederic Wakeman, Jr. ...[et al.] 
260 |a New York :   |b Harcourt, Brace & World,   |c 1970 
300 |a x, 385 σ.;  |b εικ., χάρτ.;  |c 23 εκ. 
504 |a Περιέχει βιβλιογραφία 
651 0 |a China  |x History. 
651 0 |a Japan  |x History. 
700 1 |a Crowley, James B.  |4 edt 
700 1 |a Wakeman, Frederic E.  |4 oth 
852 |a INST  |b LESVOS  |e 20060322  |h 951 MOD  |p 005100034767  |q 005100034767  |t BK  |y 0 
901 |a BIBL1-2006-1 
909 |a Λ  |b 126123 
970 |a ΚΑΡΑ  |b ΓΙΑΣΕΜΗ  |z 2006/03/22